000 01260nam a2200313Ia 4500
001 ebr10313868
003 CaPaEBR
006 m u
007 cr cn|||||||||
008 861014s1986 nyua sb 001 0 eng d
010 _z 85073884
020 _z9780674608382
020 _z0465049931
040 _aCaPaEBR
_cCaPaEBR
035 _a(OCoLC)654611747
050 1 4 _aHQ759.9
_b.C44 1986eb
100 1 _aCherlin, Andrew J.,
_d1948-
245 1 4 _aThe new American grandparent
_h[electronic resource] :
_ba place in the family, a life apart /
_cAndrew J. Cherlin, Frank F. Furstenberg, Jr.
260 _aNew York :
_bBasic Books,
_cc1986.
300 _ax, 278 p. :
_bill.
504 _aIncludes bibliographical references and index.
533 _aElectronic reproduction.
_bPalo Alto, Calif. :
_cebrary,
_d2009.
_nAvailable via World Wide Web.
_nAccess may be limited to ebrary affiliated libraries.
650 0 _aGrandparents
_zUnited States.
650 0 _aGrandparent and child
_zUnited States.
655 7 _aElectronic books.
_2local
700 1 _aFurstenberg, Frank F.,
_d1940-
710 2 _aebrary, Inc.
856 4 0 _uhttp://site.ebrary.com/lib/rucke/Doc?id=10313868
_zAn electronic book accessible through the World Wide Web; click to view
999 _c57695
_d57695